000 00843cab a2200277 4500
001 ABS48956
008 090401t1993 xxu||||| |||| 00| 0 eng d
035 _a(Sirsi) u69243
041 _aeng
100 _aJohnston, B.
245 _aMinisters take care of the cultural heritage
260 _c1993
350 _a0
490 _aPlanning (for the Natural and Built Environment)
_v(1027) 16 July 1993, 8-9(2)
520 _aOutlines two government consultation documents on the conservation of listed buildings and management of conservation areas.
650 _aCONSERVATION AREAS
650 _aDRAFT PPG
650 _aHISTORIC BUILDINGS
650 _aLISTED BUILDINGS
650 _aPLANNING POLICY
650 _aPPG15
690 _aCONSERVATION
690 _aPLANNING LAW AND PRACTICE
942 _n0
948 _c04/03/1997
999 _c43490
_d43490